| 000 | 00476nam a2200181Ia 4500 | ||
|---|---|---|---|
| 008 | 220204s9999 xx 000 0 und d | ||
| 020 | _a0849331366 | ||
| 082 |
_a631.4(035) _bSUM |
||
| 100 | _aSumner, Malcolm E | ||
| 245 | 0 | _aHandbook of soil science | |
| 260 |
_aBoca Raton _bC R C Press _c2000 |
||
| 650 | _aPlant nutrition | ||
| 650 | _aSoil chemistry | ||
| 650 | _aSoil database | ||
| 650 | _aSoil fertility | ||
| 650 | _aWater potential relationship | ||
| 942 | _cBK | ||
| 999 |
_c42716 _d42716 |
||